| 000 | 00762nam a2200229Ia 4500 | ||
|---|---|---|---|
| 003 | GCL | ||
| 008 | 140319s9999 xx 000 0 ara d | ||
| 040 |
_aGCL / _cGCL |
||
| 082 | 0 | 4 |
_a811.4 _bج ش |
| 100 | 1 | _aاحسان عباس | |
| 245 | 1 | 0 |
_aشعراء عباسيون: مطيع بن ياباس, مسلم الخاسر, ابو الشمقمق: دراسات ونصوص شعرية / _cاحسان عباس |
| 700 | 1 | _aغرنباوم، غوستاف فون | |
| 700 | 1 | _aمحمد يوسف نجم | |
| 260 |
_a[S.N] : _bدار مكتبة الحياة ، _c1959 |
||
| 300 | _a192 ص | ||
| 490 | _a | ||
| 650 | 0 | 4 | _aالشعر العربى |
| 650 | 0 | 4 | _aالادب العربى |
| 650 | 0 | 4 | _aالشعراء |
| 650 | 0 | 4 | _aالمجموعات |
| 942 |
_2ddc _cBK |
||
| 999 |
_c35101 _d35101 |
||